| 000 | 00636nam a2200217 4500 | ||
|---|---|---|---|
| 003 | OSt | ||
| 005 | 20240716055249.0 | ||
| 006 | a | ||
| 008 | 240716b |||||||| |||| 00| 0 eng d | ||
| 020 | _a9780789736017 | ||
| 040 |
_aDWCL-Main lib. _cOC |
||
| 082 | _aCirc. 005.54 J48p 2007 | ||
| 100 | _aJelen, Bill | ||
| 245 | _aPivot table data crunching for Microsoft Office Excel 2007 / | ||
| 260 |
_aIndiana: _bQue, _cc2007. |
||
| 300 |
_aix, _b338 p. : ill. ; _c23 cm. |
||
| 504 | _aIncludes index. | ||
| 650 | _a1. Microsoft Excel (Computer file). | ||
| 650 | _a2. Business-Computer programs. | ||
| 942 |
_2ddc _n0 _cBK-CIRC _kCirc. |
||
| 999 |
_c2248 _d2248 |
||